Longest Reigning European Monarchs - Statistics

General Stats
  • This quiz has been taken 84 times
  • The average score is 8 of 18
Answer Stats
Country Years Ruled Monarch % Correct
United Kingdom >70 Elizabeth II
98%
France 72 Louis XIV
97%
France 58 Louis XV
97%
United Kingdom 63 Victoria
76%
Great Britain 59 George III
68%
Austria 67 Franz Joseph I
59%
Aragon 62 James I
53%
Scotland 57 James VI
53%
Denmark 59 Christian IV
42%
Sicily 65 Ferdinand III
35%
Byzantine Empire 66 Constantine VIII
33%
Byzantine Empire 65 Basil II
29%
Netherlands 57 Wilhelmina
29%
Montenegro 58 Nicholas I
12%
Liechtenstein 70 Johann II
11%
Monaco 58 Honoré I
5%
Monaco 59 Honoré III
5%
Schwarzburg-Rudolstadt 60 Friedrich Günther
2%
No matching quizzes found
Score Distribution
Percent of People with Each Score
Percentile by Number Answered
Your Score History
You have not taken this quiz